00314pab a2200121 454500008004000000100002100040245005500061260000900116300001500125362001100140650002100151773002000172180718b2017 xxu||||| |||| 00| 0 eng d aMishra, Lokanath aRUSA: a new feather in the cap of higher education c2017 ap.172-174. a30 Jan aHigher education aUniversity News